000
00320nam a22001337a 4500
008
250704b |||||||| |||| 00| 0 eng d
050
_a
HD7125
_b
.M94
100
_a
MYERS Robert J.
245
_a
Social Security
250
_a
3
260
_a
United States
_b
Mcchan Foundation
_c
1985
300
_a
xxxvi, 964p.
942
_c
BK
999
_c
4132
_d
4132